| 000 | 00390pab a2200157 454500 | ||
|---|---|---|---|
| 008 | 180718b2002 xxu||||| |||| 00| 0 eng d | ||
| 100 | _aVirender Kumar | ||
| 245 | _aManagement education through distance mode | ||
| 260 | _c2002 | ||
| 300 | _ap.4-9. | ||
| 362 | _a18 Mar | ||
| 650 | _aDistance education | ||
| 650 | _aManagement education | ||
| 773 | _aUniversity News | ||
| 909 | _a51902 | ||
| 999 |
_c51902 _d51902 |
||